Science Quiz

Random Science Quiz

AICA Syndrome Symptoms Quiz Stats

 Plays Quiz not verified by Sporcle

Also try: Cereals (Grains)
Challenge
Share
Tweet
Embed
Score 0/7 Timer 10:00
0 Plays Today
Hint Answer % Correct
Ipsilateral Nystagmus and Vertigo
96.2%
Ipsilateral Facial Paralysis
96.2%
Decreased Pain and Temperature of Contralateral Body
88.5%
Loss of Conjugate Gaze Toward Lesion
76.9%
Ipsilateral Sensory Loss of Face
69.2%
Ipsilateral Deafness
65.4%
Ipsilateral Ataxia
65.4%

You're not logged in!

Compare scores with friends on all Sporcle quizzes.
Join for Free
OR
Log In

You Might Also Like...

Show Comments

Extras

Created Feb 13, 2016ReportFavoriteNominate
Tags:symptom, syndrome

Top Quizzes Today


Score Distribution

Your Account Isn't Verified!

In order to create a playlist on Sporcle, you need to verify the email address you used during registration. Go to your Sporcle Settings to finish the process.

Report this User

Report this user for behavior that violates our Community Guidelines.

Details: